Folclor Chileno
Gorde:
| Egile nagusia: | |
|---|---|
| Formatua: | Liburua |
| Hizkuntza: | gaztelania |
| Argitaratua: |
Santiago
Fondo de Cultura Económica
2009
|
| Edizioa: | 15a. ed |
| Gaiak: | |
| Etiketak: |
Etiketa erantsi
Etiketarik gabe, Izan zaitez lehena erregistro honi etiketa jartzen!
|
MARC
| LEADER | 00000cam a2200000 a 4500 | ||
|---|---|---|---|
| 001 | UCH8784 | ||
| 003 | CL-VaPUC | ||
| 008 | 091211e20090000CL |||||||||||||||||spa|d | ||
| 020 | |a 9759562890786 | ||
| 082 | 0 | 4 | |a 398.2 |b PLA |2 21 |
| 100 | 0 | |a Plath, Oreste |e author |9 330038 | |
| 245 | 1 | 0 | |a Folclor Chileno |
| 250 | |a 15a. ed | ||
| 300 | |a 345 p | ||
| 942 | |c BK | ||
| 945 | |d 20091211 00:00:00 |a dcastane | ||
| 260 | |a Santiago |b Fondo de Cultura Económica |c 2009 | ||
| 500 | |a Edición corregida y anotada por Karen Plath Müller Turina | ||
| 600 | 0 | 7 | |a PLATH, ORESTE |2 CL-VaPUC |9 330038 |
| 600 | 0 | 7 | |a MÜLLER, CÉSAR OCTAVIO |2 CL-VaPUC |9 545428 |
| 650 | 7 | |a FOLKLORE |2 CL-VaPUC |9 268291 | |
| 650 | 0 | |a Folklore chileno |9 265536 | |
| 650 | 0 | |a Leyendas chilenas |9 310059 | |
| 650 | 0 | |a Costumbres y tradiciones |9 268292 | |
| 650 | 0 | |a Mitos |9 267117 | |
| 650 | 0 | |a Educación |9 258661 | |
| 650 | 7 | |a CULTURA CHILENA |2 CL-VaPUC |9 321109 | |
| 583 | |a last modification |c 20141120 04:40:56 |k Rodrigo Vera | ||
| 999 | |c 338891 |d 338889 | ||
| 952 | |0 0 |1 0 |4 0 |6 398_200000000000000_PLA_2009 |7 0 |8 A |9 432175 |a BIBART |b BIBART |d 2019-11-22 |i 4624920 |o 398.2 PLA 2009 |p 4624920 |r 2025-03-13 |w 2019-11-22 |y BK |k ART | ||
| 952 | |0 0 |1 0 |3 erb |4 0 |6 398_200000000000000_PLA_2009 |7 0 |8 A |9 432176 |a BIBART |b BIBART |i 5126150 |o 398.2 PLA 2009 |p 5126150 |r 2025-03-13 |w 2019-11-22 |y BK |z Catalogado en:20141127 |k ART | ||